Подробности
| 000 -МАРКЕР |
| контрольное поле |
02042nam2a2200277 4500 |
| 001 - ИДЕНТИФИКАТОР ЗАПИСИ |
| контрольное поле |
RU\NLR\BIBL_A\022095122 |
| 005 - ИДЕНТИФИКАТОР ВЕРСИИ |
| контрольное поле |
20250625120222.0 |
| 010 ## - МЕЖДУНАРОДНЫЙ СТАНДАРТНЫЙ НОМЕР КНИГИ (ISBN) |
| Номер (ISBN) |
978-5-9275-4462-2 |
| Уточнения |
ч. 2 |
| Тираж |
100 |
| 035 ## - ДРУГИЕ СИСТЕМНЫЕ НОМЕРА |
| Идентификатор записи |
(NLR Aleph) 022095122 |
| 100 ## - ДАННЫЕ ОБЩЕЙ ОБРАБОТКИ |
| Данные общей обработки |
20231212d2023 |||y0rusy50 ca |
| 101 0# - ЯЗЫК РЕСУРСА |
| Язык текста, звукозаписи и т.д. |
русский |
| 102 ## - СТРАНА ПУБЛИКАЦИИ ИЛИ ПРОИЗВОДСТВА |
| Страна публикации |
российская федерация |
| 105 ## - ПОЛЕ КОДИРОВАННЫХ ДАННЫХ: ТЕКСТОВЫЕ МАТЕРИАЛЫ, МОНОГРАФИЧЕСКИЕ |
| Кодированные данные о монографическом текстовом документе |
a j 000yy |
| 200 1# - ЗАГЛАВИЕ И СВЕДЕНИЯ ОБ ОТВЕТСТВЕННОСТИ |
| Основное заглавие |
Деятельность человека, управление деятельностью и её безопасность |
| 210 ## - ПУБЛИКАЦИЯ, РАСПРОСТРАНЕНИЕ И ДР. |
| Дата издания, распространения и т.д. |
2023 |
| Место издания, распространения и т.д. |
Б. м. |
| 215 ## - ФИЗИЧЕСКАЯ ХАРАКТЕРИСТИКА |
| Специфическое обозначение материала и объем |
304 с. |
| Другие сведения о физической характеристике |
ил., табл. |
| 320 ## - ПРИМЕЧАНИЯ О НАЛИЧИИ В ДОКУМЕНТЕ БИБЛИОГРАФИИ / УКАЗАТЕЛЯ |
| Текст примечания |
Библиогр.: с. 293-304 (151 назв.) |
| 461 #0 - УРОВЕНЬ НАБОРА |
| Встроенное поле |
001RU\NLR\BIBL_A\012828607 |
| -- |
2001#$aВведение в интегральную антропологию$eучебное пособие$eв трех частях$fА. В. Непомнящий$gМинистерство науки и высшего образования Российской Федерации, Федеральное государственное автономное образовательное учреждение высшего образования "Южный федеральный университет", Инженерно-технологическая академия, Институт компьютерных технологий и информационной безопасности$vЧ. 2 |
| -- |
700#1$aНепомнящий$bА. В.$gАнатолий Владимирович |
| Системный номер (АБИС) связанной записи |
12349078 |
| Автор |
Непомнящий, А. В. |
| Место публикации |
Ростов-на-Дону |
| Дата публикации |
2021 |
| Издание |
2-е изд., доп. и перераб. |
| Первые сведения об ответственности |
А. В. Непомнящий |
| Имя издателя, распространителя и т.д. |
Изд-во Южного федерального университета |
| Сведения, относящиеся к заглавию |
учебное пособие : в трех частях |
| Заглавие |
Введение в интегральную антропологию |
| ISBN |
9785927539376 |
| Номер тома |
Ч. 2 |
| 606 1# - НАИМЕНОВАНИЕ ТЕМЫ КАК ПРЕДМЕТ |
| Наименование темы |
Деятельность |
| Системный номер авторитетной/нормативной записи |
956376 |
| Идентификатор авторитетной/нормативной записи |
RU\NLR\AUTH\66356478 |
| 686 1# - ИНДЕКСЫ ДРУГИХ КЛАССИФИКАЦИЙ |
| Индекс |
Ю936.1 |
| 686 1# - ИНДЕКСЫ ДРУГИХ КЛАССИФИКАЦИЙ |
| Индекс |
Ю212.26 |
| 942 ## - ДОПОЛНИТЕЛЬНЫЕ ЭЛЕМЕНТЫ ЗАПИСИ (АБИС) |
| Тип экземпляра АБИС |
Книга |
| 980 ## - КОЛЛЕКЦИЯ |
| Название коллекции |
Национальная библиография |